Understanding Children in Inclusive Context/ (Record no. 195028)

MARC details
000 -LEADER
fixed length control field 01109nam a22003017a 4500
005 - DATE AND TIME OF LATEST TRANSACTION
control field 20231226165138.0
010 ## - LCCN (DPL NO)
LC control number B-747379 E.N.A./7.11.22 EN-138615 ENG-138755 ENG-138757
020 ## - INTERNATIONAL STANDARD BOOK NUMBER
International Standard Book Number 9789390897766
Terms of availability 595.00
020 ## - INTERNATIONAL STANDARD BOOK NUMBER
International Standard Book Number 9789390897773
Terms of availability 1595.00
035 ## - SYSTEM CONTROL NUMBER
System control number B-747379
035 ## - SYSTEM CONTROL NUMBER
System control number EN-122147
035 ## - SYSTEM CONTROL NUMBER
System control number EN-122289
035 ## - SYSTEM CONTROL NUMBER
System control number EN-122287
037 ## - SOURCE OF ACQUISITION
Source of stock number/acquisition DBAD/PUB
082 ## - DEWEY DECIMAL CLASSIFICATION NUMBER
Classification number 155.4
Edition number 1
100 ## - MAIN ENTRY--PERSONAL NAME
Personal name Reddy, K. Srinivas
245 ## - TITLE STATEMENT
Title Understanding Children in Inclusive Context/
Statement of responsibility, etc By K. Srinivas Reddy, Premananda Mishra and P. Venkata Chary and Edited By Himangshu Das And Kamalakant Pandey
250 ## - EDITION STATEMENT
Edition statement 1
260 ## - PUBLICATION, DISTRIBUTION, ETC. (IMPRINT)
Place of publication, distribution, etc New Delhi
Name of publisher, distributor, etc Neelkamal Publications
Date of publication, distribution, etc 2022
270 ## - ADDRESS
Address 4764/1, 23, Ansari Road, Daryaganj,
City Delhi
Postal code 110002
300 ## - PHYSICAL DESCRIPTION
Extent xxx,428p.
Other physical details Index
Dimensions 24cm(pbk)
300 ## - PHYSICAL DESCRIPTION
Extent xxx,428p.
Other physical details Index
Dimensions 25cm(pbk)
700 ## - ADDED ENTRY--PERSONAL NAME
Personal name Mishra, Premananda
Relator term Author
9 (RLIN) 59903
700 ## - ADDED ENTRY--PERSONAL NAME
Personal name Chary. P. Venkata
Relator term Author
9 (RLIN) 59904
700 ## - ADDED ENTRY--PERSONAL NAME
Personal name Das, Himangshu
Relator term Editor
9 (RLIN) 60247
700 ## - ADDED ENTRY--PERSONAL NAME
Personal name Pandey, Kamalakant
Relator term Editor
9 (RLIN) 60248
942 ## - ADDED ENTRY ELEMENTS (KOHA)
Source of classification or shelving scheme Dewey Decimal Classification
Item type English Books
Classification part 155.4
Call number suffix RED
Edition 1
Holdings
Withdrawn status Lost status Not for loan Collection code Home library Current library Date acquired Source of acquisition Cost, normal purchase price Full call number Barcode Copy number Cost, replacement price Koha item type
      Non-fiction Bawana Bawana 18/12/2023 DBAD 595.00 155.4 RED EN-122147 1 595.00 English Books
      Non-fiction Central Library Central Library 10/05/2023 Neelkamal Publication/347/24.11.22/183/23.11.22/2.12.22 595.00 155.4 RED B-747379 1 595.00 English Books
      Non-fiction Sarojini Nagar Sarojini Nagar 26/12/2023 DBAD/PUB 595.00 155.4 RED EN-122289 1 595.00 English Books
      Non-fiction Tri Nagar Tri Nagar 26/12/2023 DBAD/PUB 1595.00 155.4 RED EN-122287 1 1595.00 English Books

© Delhi Public Library
Hit Counter
free hit counter